Testing statistical hypotheses / (Record no. 35282)
[ view plain ]
| 000 -LEADER | |
|---|---|
| fixed length control field | 00844nam a2200253 a 4500 |
| 001 - CONTROL NUMBER | |
| control field | 35282 |
| 003 - CONTROL NUMBER IDENTIFIER | |
| rucl marc code | BD-RjUL |
| 005 - DATE AND TIME OF LATEST TRANSACTION | |
| control field | 20220113112051.0 |
| 008 - FIXED-LENGTH DATA ELEMENTS--GENERAL INFORMATION | |
| fixed length control field | 140522s1959 nyua b 00100 eng |
| 035 ## - SYSTEM CONTROL NUMBER | |
| System control number | (BD-RjUL)35282 |
| 040 ## - CATALOGING SOURCE | |
| Original cataloging agency | DLC/ICU |
| Transcribing agency | ICU |
| Language of cataloging | eng |
| Modifying agency | BD-RjUL |
| 041 ## - LANGUAGE CODE | |
| Language code of text/sound track or separate title | eng |
| 082 0# - DEWEY DECIMAL CLASSIFICATION NUMBER | |
| Classification number | 519.9 |
| Author mark and year | LET 1959 |
| 100 1# - MAIN ENTRY--PERSONAL NAME | |
| Personal name | Lehmann, E. L. |
| Fuller form of name | (Erich Leo), |
| Dates associated with a name | 1917- |
| 9 (RLIN) | 23968 |
| 245 10 - TITLE STATEMENT | |
| Title | Testing statistical hypotheses / |
| Statement of responsibility, etc. | E. L. Lehmann. |
| 260 ## - PUBLICATION, DISTRIBUTION, ETC. (IMPRINT) | |
| Place of publication, distribution, etc. | New York ; |
| -- | Sydney : |
| Name of publisher, distributor, etc. | Wiley, |
| Date of publication, distribution, etc. | c1959 [Printing 1966] |
| 300 ## - PHYSICAL DESCRIPTION | |
| Pagination | xiii, 369 p. ; |
| Illustrations | ill. ; |
| Size | 24 cm. |
| 504 ## - BIBLIOGRAPHY, ETC. NOTE | |
| Bibliography, etc | Includes bibliographical references and indexes. |
| 650 #0 - SUBJECT ADDED ENTRY--TOPICAL TERM | |
| Topical term or geographic name as entry element | Statistical hypothesis testing. |
| 9 (RLIN) | 107484 |
| 830 ## - SERIES ADDED ENTRY--UNIFORM TITLE | |
| Uniform title | Wiley publication in mathematical statistics |
| 942 ## - ADDED ENTRY ELEMENTS (KOHA) | |
| Source of classification or shelving scheme | Dewey Decimal Classification |
| Koha item type | Books |
| Lost status | Source of classification or shelving scheme | Damaged status | Not for loan | Collection code | Permanent Location | Current Location | Shelving location | Date acquired | Source of acquisition | Cost, normal purchase price | Total Checkouts | Full call number | Date last seen | Copy number | Koha item type |
|---|---|---|---|---|---|---|---|---|---|---|---|---|---|---|---|
| Dewey Decimal Classification | Non-fiction | Central Library, University of Rajshahi | Central Library, University of Rajshahi | 22/03/1963 | Euro-Pak News Agency | 55.00 | 519.9 LET 1959 | 22/05/2014 | C-5 | Books | |||||
| Dewey Decimal Classification | Non-fiction | Central Library, University of Rajshahi | Central Library, University of Rajshahi | 09/10/1984 | Toppan tulip enterprise | 37.35 | 519.9 LET 1959 | 26/05/2014 | C-10 | Books | |||||
| Dewey Decimal Classification | Non-fiction | Central Library, University of Rajshahi | Central Library, University of Rajshahi | 20/12/1967 | National book agency | 80.00 | 519.9 LET 1966 | 28/05/2014 | C-9 | Books | |||||
| Dewey Decimal Classification | Non-fiction | Central Library, University of Rajshahi | Central Library, University of Rajshahi | 15/12/1965 | Zeitlinger. | 83.00 | 519.9 LET 1959 | 28/05/2014 | C-8 | Books | |||||
| Dewey Decimal Classification | Non-fiction | Central Library, University of Rajshahi | Central Library, University of Rajshahi | 23/08/1961 | Mirza Book Agency | 110.00 | 519.9 LET 1959 | 17/11/2016 | C-2 | Books | |||||
| Dewey Decimal Classification | Not For Loan | Non-fiction | Central Library, University of Rajshahi | Central Library, University of Rajshahi | Reading Room | 26/08/1961 | Mirza Book Agency | 55.00 | 519.9 LET 1959 | 22/03/2017 | C-1 | Books | |||
| Dewey Decimal Classification | Non-fiction | Central Library, University of Rajshahi | Central Library, University of Rajshahi | General Stacks | 03/11/1962 | Zeitlinger | 83.00 | 519.9 LET 1959 | 13/01/2022 | C-3 | Books | ||||
| Dewey Decimal Classification | Non-fiction | Central Library, University of Rajshahi | Central Library, University of Rajshahi | General Stacks | 26/08/1961 | Mirza Book Agency, Lahore | 110.00 | 519.9 LET 1959 | 13/01/2022 | C-4 | Books | ||||
| Dewey Decimal Classification | Non-fiction | Central Library, University of Rajshahi | Central Library, University of Rajshahi | General Stacks | 20/12/1967 | National Book Agency | 80.00 | 519.9 LET 1966 | 13/01/2022 | C-6 | Books |